[Event "Budapest FS04 IM"]
[Site "Budapest"]
[Date "1993.??.??"]
[Round "4"]
[White "Fancsy, Imre"]
[Black "Stoll, Ferdinand"]
[Result "1/2-1/2"]
[WhiteElo "2300"]
[BlackElo "2255"]

1.Nf3 f5 2.d4 Nf6 3.g3 g6 4.Bg2 Bg7 5.O-O O-O 6.c4 d6 7.Nc3 Nc6 8.d5 Ne5
9.Nxe5 dxe5 10.Qb3 h6 11.Rd1 g5 12.c5 Kh8 13.Bd2 a6 14.Be1 Rb8 15.Qa3 e4
16.Rac1 Qe8 17.f3 e5 18.Bf2 exf3 19.exf3 g4 20.d6 cxd6 21.cxd6 gxf3 22.Bxf3 e4
23.Re1 Be6 24.Be2 Rg8 25.Be3  1/2-1/2

[Event "Budapest FS10 IM (Women)"]
[Site "Budapest"]
[Date "1993.??.??"]
[Round "4"]
[White "Velvart, Peterne"]
[Black "Hoang Than Trang"]
[Result "1-0"]
[WhiteElo "2155"]
[BlackElo "2300"]

1.d4 f5 2.g3 Nf6 3.Bg2 g6 4.c4 Bg7 5.Nf3 O-O 6.O-O d6 7.Nc3 Qe8 8.d5 Na6
9.Nd4 Nc5 10.Ncb5 Na6 11.Rb1 Ne4 12.Qd3 c6 13.Nc3 Nac5 14.Qe3 Nxc3 15.bxc3 e5
16.dxc6 f4 17.gxf4 exd4 18.Qxe8 Rxe8 19.cxd4 Bxd4 20.e3 Bf5 21.cxb7 Rab8
22.exd4 Bxb1 23.dxc5 dxc5 24.Bd5+ Kf8 25.Ba3 Bxa2 26.Bxc5+ Kg7 27.Bxa7 Rbd8
28.Ra1 Bb3 29.Rb1 Bc2 30.b8=Q  1-0

[Event "Spring op"]
[Site "Budapest"]
[Date "1993.??.??"]
[Round "5"]
[White "Kahn, Evarth"]
[Black "Grigorov, Jordan N"]
[Result "1-0"]
[WhiteElo "2360"]
[BlackElo "2380"]

1.d4 f5 2.Nf3 Nf6 3.g3 g6 4.Bg2 Bg7 5.O-O O-O 6.c4 d6 7.Nc3 Qe8 8.Re1 c6
9.e4 fxe4 10.Nxe4 Nxe4 11.Rxe4 Bf5 12.Re1 Nd7 13.Nh4 e5 14.dxe5 dxe5 15.Nxf5 gxf5
16.Be3 Qf7 17.f4 e4 18.Qb3 Nb6 19.Bf1 Rfd8 20.Rad1 Qf6 21.Rxd8+ Rxd8 22.Rd1 Rxd1
23.Qxd1 Kf7 24.b3 Ke6 25.g4 Qh4 26.Be2 Bc3 27.Bf2 Qf6 28.gxf5+ Kxf5 29.Bg4+ Kxf4
30.h3 Kg5 31.Be3+ Kg6 32.Bh5+ Kg7 33.Qg4+ Kh8 34.Qxe4 Qe5 35.Qxe5+ Bxe5 36.Bg4 Kg7
37.h4 Kf6 38.Kg2 Bc3 39.Kf3 Be1 40.h5 Bb4 41.Ke4 Ke7 42.Bf5 Nd7 43.Bxd7 Kxd7
44.Bxa7 Ke6 45.Bd4 Ba3 46.Be3 Kf6 47.Kf4 Be7 48.Bd4+ Ke6 49.a4 Bb4 50.Be3 Kf6
51.Kg4 Ba5 52.Bc5 Ke5 53.b4 Bd8 54.a5 Ke4 55.Bb6 Bxb6 56.axb6 Kd4 57.c5  1-0

[Event "Elekes mem"]
[Site "Budapest"]
[Date "1993.??.??"]
[Round "6"]
[White "Groszpeter, Attila"]
[Black "Danner, Georg"]
[Result "1/2-1/2"]
[WhiteElo "2525"]
[BlackElo "2385"]

1.d4 f5 2.c4 Nf6 3.g3 g6 4.Bg2 Bg7 5.Nf3 O-O 6.O-O d6 7.Nc3 Na6 8.Rb1 c6
9.b4 Qe8 10.b5 Nc7 11.bxc6 bxc6 12.Qa4 Ne4 13.Nxe4 fxe4 14.Nd2 d5 15.Ba3 Ba6
16.e3 Rf6 17.Bc5 Bf8 18.Qa5 Qd7 19.f4 exf3 20.Nxf3 Qc8 21.Ne5 Rb8 22.Rxb8 Qxb8
23.Qb4 Qxb4 24.Bxb4 Bxc4 25.Rxf6 exf6 26.Nxc6 Bxb4 27.Nxb4 Kf7 28.Kf2 Ke6
29.a3 Nb5 30.a4 Nc3 31.a5 Kd6 32.Ke1 Nb5 33.Kd2 Nc7 34.Kc3 f5 35.Bf3 Ne6
36.Kd2 Nd8 37.Bd1 Nb7 38.a6 Nd8 39.Ba4 Ne6 40.Nc6 Bxa6 41.Nxa7 Ng5 42.Kc3 Nf3
43.h4 Nh2 44.Nb5+ Kc6 45.Na3+ Kb6 46.Nc2 Nf1 47.Bb3 Bb7 48.Nb4 Nxe3 49.Kd3 Nf1
50.Nxd5+ Kc6 51.Nf4 Ba6+ 52.Kc2 Nxg3 53.Bg8 Ne2 54.Nxe2 Bxe2 55.Bxh7 Bh5
56.Kd3 Kd5 57.Ke3 Ke6 58.Bg8+ Kf6 59.Kf4 Be2 60.Bb3 Bb5 61.d5 Bd7 62.Bc4 Ba4
63.Ba6  1/2-1/2

[Event "Budapest FS10 IM-B"]
[Site "Budapest"]
[Date "1993.??.??"]
[Round "8"]
[White "Schneider, Attila"]
[Black "Geisler, Fabian"]
[Result "1-0"]
[WhiteElo "2390"]
[BlackElo "2305"]

1.d4 f5 2.Nf3 Nf6 3.g3 g6 4.Bg2 Bg7 5.O-O O-O 6.c4 d6 7.Nc3 Qe8 8.d5 Na6
9.Rb1 c5 10.dxc6 bxc6 11.b4 Bd7 12.b5 Nc5 13.Nd4 Nfe4 14.Nxe4 Nxe4 15.Qd3 c5
16.Nc2 Qf7 17.Ne3 Be6 18.Bb2 Rab8 19.Bxg7 Kxg7 20.Rb3 Nf6 21.Ra3 Ng4 22.Rxa7 Ne5
23.Qc3 Qf6 24.f4 Nxc4 25.Rxe7+ Kh6 26.Qxf6 Rxf6 27.Rxe6 Rxe6 28.Nxc4 Rxb5
29.e3 Re7 30.Bd5 Rb4 31.Kf2 Ra7 32.a3 Rb3 33.Ke2 Kg7 34.Ra1 Kf6 35.Kd2 Ke7
36.Kc2 Rb8 37.a4 h6 38.a5  1-0

[Event "Budapest FS06 IM"]
[Site "Budapest"]
[Date "1993.??.??"]
[Round "8"]
[White "Kahn, Evarth"]
[Black "Hoang Than Trang"]
[Result "1-0"]
[WhiteElo "2360"]
[BlackElo "2205"]

1.d4 f5 2.Nf3 Nf6 3.g3 g6 4.Bg2 Bg7 5.O-O O-O 6.c4 d6 7.Nc3 Qe8 8.Re1 Qf7
9.d5 h6 10.Nd4 Ne4 11.Nxe4 fxe4 12.Be3 Bf5 13.Qb3 Nd7 14.Qxb7 Rfb8 15.Qxc7 Rxb2
16.Rab1 Rxb1 17.Rxb1 Nb6 18.Nc6 Nxc4 19.Nxe7+ Kh7 20.Qxc4 Qxe7 21.h3 Rc8
22.Qa6 Rc2 23.Rb7 Qe5 24.Qxa7 Kg8 25.h4 Rxe2 26.Rb8+ Kh7 27.Qf7 g5 28.h5 Re1+
29.Kh2  1-0

[Event "Budapest FS10 GM"]
[Site "Budapest"]
[Date "1993.??.??"]
[Round "8"]
[White "Kalesis, Nikolaos"]
[Black "Prie, Eric"]
[Result "1-0"]
[WhiteElo "2410"]
[BlackElo "2445"]

1.d4 f5 2.c4 Nf6 3.g3 g6 4.Bg2 Bg7 5.Nf3 O-O 6.O-O d6 7.b3 Ne4 8.Bb2 Nc6
9.Nbd2 Nxd2 10.Qxd2 e5 11.d5 Ne7 12.Ng5 Rb8 13.f4 h6 14.Nh3 b6 15.b4 e4 16.Bxg7 Kxg7
17.Rfd1 Bb7 18.Rac1 Ra8 19.Kh1 a5 20.a3 axb4 21.axb4 b5 22.Ng1 Kg8 23.Qc3 Rf7
24.e3 Ra2 25.Bf1 Kh7 26.cxb5 Nxd5 27.Qb3 Qa8 28.Rc6 Bxc6 29.bxc6 Rg7 30.Qxd5 Qa3
31.Qd4 Rb2 32.b5 Qa2 33.Nh3 Rxh2+ 34.Kg1 Rb2 35.Re1 g5 36.Qf6 Rf7 37.Qd4 Rd2
38.Qa1 Qb3 39.Qb1 Qc3 40.Qa1 Qb3 41.fxg5 Rb2 42.Qd1 Qxd1 43.Rxd1 Kg6 44.Nf4+ Kxg5
45.Nd5 Rc2 46.b6 cxb6 47.c7 Kg4 48.Ba6 Rfxc7 49.Nxc7 Kxg3 50.Nd5 Rg2+ 51.Kf1 h5
52.Nf4 Rf2+ 53.Kg1 Kf3 54.Re1 h4 55.Be2+ Rxe2 56.Rxe2 b5 57.Re1 b4 58.Nd5  1-0

[Event "Budapest FS12 IM-A"]
[Site "Budapest"]
[Date "1993.??.??"]
[Round "10"]
[White "Almeida Saenz, Alfonso"]
[Black "Chachere, Lawrence"]
[Result "1-0"]
[WhiteElo "2330"]
[BlackElo "2250"]

1.Nf3 f5 2.d4 Nf6 3.g3 g6 4.Bg2 Bg7 5.O-O O-O 6.c4 d6 7.Nc3 Qe8 8.Bg5 e5
9.dxe5 dxe5 10.Nd5 Nxd5 11.Qxd5+ Kh8 12.Rfd1 e4 13.Nh4 Bxb2 14.Rab1 Bg7 15.f3 c6
16.Qd2 exf3 17.exf3 Qf7 18.Bf1 Be6 19.Bh6 Na6 20.Re1 Rfe8 21.Bxg7+ Qxg7 22.Qd6 Bg8
23.Red1 c5 24.f4 b6 25.Nf3 Qe7 26.Qc6 Nb4 27.Qa4 Qe3+ 28.Kg2 Qe4 29.Rbc1 Red8
30.Qa3 Rxd1 31.Rxd1 Nc2 32.Qc3+ Nd4 33.Rd3 Rd8 34.Kh3 Qe7 35.Nxd4 cxd4 36.Rxd4 Qg7
37.Rd3 Qxc3 38.Rxc3 Rc8 39.Kg2 Kg7 40.Kf2 Kf6 41.Ke3 Ke6 42.Ra3 Rc7 43.Kd4 Rd7+
44.Kc3 Kd6 45.Kb4 a5+ 46.Kb5 Kc7 47.Re3 Rd1 48.Bd3 Rd2 49.Re8 Rxd3 50.Rxg8 Rd2
51.Rg7+ Kd6 52.Rxh7 Rb2+ 53.Ka6 Rxa2 54.Kxb6 Rb2+ 55.Kxa5 Kc5 56.Rc7+ Kd6
57.Rc8 Rxh2 58.Kb4 Rb2+ 59.Kc3 Rg2 60.Rd8+ Kc5 61.Rd5+ Kc6 62.Rd3 Kc5 63.Re3 Kd6
64.Kd4 Rd2+ 65.Rd3 Rc2 66.Ra3 Rd2+ 67.Ke3 Rb2 68.Ra6+ Kc5 69.Rxg6 Rb3+ 70.Kf2 Kxc4
71.Rd6 Rb2+ 72.Kf3 Ra2 73.Rf6 Ra5 74.Kg2 Kd4 75.Re6 Ra2+ 76.Kh3 Ra8 77.Re5 Rf8
78.Kh4 Rh8+ 79.Kg5 Rg8+ 80.Kxf5 Rxg3 81.Re8 Rg1 82.Rd8+ Ke3 83.Ke5 Kf3 84.f5 Re1+
85.Kf6 Kg4 86.Kg6 Kf4 87.f6 Rg1+ 88.Kh7 Kf5 89.f7 Rh1+ 90.Kg7 Rg1+ 91.Kf8 Re1
92.Rd6 Rf1 93.Ke7 Ke5 94.Rh6  1-0

[Event "Budapest FS08 IM"]
[Site "Budapest"]
[Date "1993.??.??"]
[Round "10"]
[White "Portisch, Ferenc"]
[Black "Geisler, Fabian"]
[Result "1/2-1/2"]
[WhiteElo "2405"]
[BlackElo "2305"]

1.d4 f5 2.g3 Nf6 3.Bg2 g6 4.Nf3 Bg7 5.O-O O-O 6.c4 d6 7.Nc3 Qe8 8.Re1 Qf7
9.Qd3 h6 10.b3 Na6 11.Ba3 c6 12.Rad1 g5 13.c5 dxc5 14.dxc5 Nd7 15.Na4 e5
16.e4 f4 17.Nd2 Nc7 18.Nc4 Nb5 19.Bb2 h5 20.gxf4 Qxf4 21.Qg3 Qxg3 22.hxg3 Re8
23.b4 Nf8 24.Nc3 Nd4 25.Nd6 Re7 26.Rd2 Bg4 27.Nd1 a5 28.a3 axb4 29.axb4 Ra4  1/2-1/2

[Event "Elekes mem"]
[Site "Budapest"]
[Date "1993.??.??"]
[Round "10"]
[White "Groszpeter, Attila"]
[Black "Dao Thien Hai"]
[Result "1/2-1/2"]
[WhiteElo "2525"]
[BlackElo "2560"]

1.d4 f5 2.c4 Nf6 3.g3 g6 4.Bg2 Bg7 5.Nf3 O-O 6.O-O d6 7.Nc3 Qe8 8.Nd5 Nxd5
9.cxd5 Qb5 10.e4 fxe4 11.Ng5 c6 12.Nxe4 Bf5 13.Be3 cxd5 14.Nc3 Qd7 15.Nxd5 Nc6
16.Nb4 Nxb4 17.Qb3+ Kh8 18.Qxb4 a5 19.Qb6 Ra6 20.Qb3 b5 21.Rac1 b4 22.Qc4 Rb6
23.Qc7 Qxc7 24.Rxc7 b3 25.Ra1 bxa2 26.Rxa2 Bf6 27.h3 h5 28.Kh2  1/2-1/2

[Event "Budapest FS09 GM"]
[Site "Budapest"]
[Date "1993.??.??"]
[Round "11"]
[White "Shabtai, Ran"]
[Black "Dao Thien Hai"]
[Result "1/2-1/2"]
[WhiteElo "2350"]
[BlackElo "2565"]

1.d4 f5 2.g3 Nf6 3.Bg2 g6 4.Nf3 Bg7 5.O-O O-O 6.c4 d6 7.Nc3 Qe8 8.Re1 Qf7
9.Qd3 h6 10.b3 Nc6 11.Bb2 e5 12.dxe5 dxe5 13.e4 f4 14.Nd5 Nh5 15.Ba3 Rd8
16.b4 Be6 17.b5 Na5 18.Qc3 b6 19.Bb4 c6 20.Bxa5 cxd5 21.cxd5 bxa5 22.dxe6 Qxe6
23.Qxa5 fxg3 24.hxg3 Nf6 25.Rad1 Rf8 26.Qa6 Qxa6 27.bxa6 Ng4 28.Bh3 Rxf3
29.Bxg4 Rf6 30.Be2 Bf8 31.Rc1 Bb4 32.Red1 Ba5 33.f3 Bb6+ 34.Kg2 Kg7 35.Rd7+ Rf7
36.Rxf7+ Kxf7 37.Bc4+ Ke7 38.Bd5 Rd8 39.Rb1 Rd6 40.f4 exf4 41.gxf4 g5 42.fxg5 hxg5
43.Kg3 Be3 44.Kf3 Bc5 45.Rb5 Bd4 46.Rb7+ Kf6 47.Rb4  1/2-1/2

[Event "Elekes mem"]
[Site "Budapest"]
[Date "1993.??.??"]
[Round "11"]
[White "Lukacs, Peter"]
[Black "Danner, Georg"]
[Result "1/2-1/2"]
[WhiteElo "2480"]
[BlackElo "2385"]

1.d4 f5 2.c4 Nf6 3.Nf3 g6 4.g3 Bg7 5.Bg2 O-O 6.O-O c6 7.Nc3 d6 8.d5 Bd7 9.Rb1 Na6
10.b3 Nc5 11.Bb2 Rc8 12.b4  1/2-1/2

[Event "Budapest FS06 GM"]
[Site "Budapest"]
[Date "1993.??.??"]
[Round "12"]
[White "Soffer, Ram"]
[Black "Dao Thien Hai"]
[Result "1/2-1/2"]
[WhiteElo "2425"]
[BlackElo "2560"]

1.Nf3 f5 2.g3 Nf6 3.Bg2 g6 4.O-O Bg7 5.d4 O-O 6.c4 d6 7.Nc3 Qe8 8.d5 Na6
9.Rb1 c6 10.dxc6 bxc6 11.b4 Bd7 12.Qa4 Nc7 13.Qa5 Ne6 14.e3 Nd8 15.Ba3 e5
16.b5 e4 17.Nd2 c5 18.Nd5 Nxd5 19.cxd5 Qe5 20.Rfd1 Nf7 21.Bb2 Qe7 22.Bxg7 Kxg7
23.Nc4 g5 24.Qc3+ Qf6 25.Qxf6+ Kxf6 26.a4 Rab8 27.g4 fxg4 28.Bxe4 Bf5 29.Bxf5 Kxf5
30.b6 Rb7 31.bxa7 Rxa7 32.a5 Rfa8 33.Rb6 Rxa5 34.Nxa5 Rxa5 35.Rb7 Kf6 36.Rf1 Kg6
37.Rb6 Ra2 38.Re1 Kf5 39.e4+ Kf4 40.Rb8 Ra7 41.Rf8 Ke5 42.Re8+ Kd4 43.Rd1+ Kc3
44.Rb8 Ne5 45.Rb6 Nc4 46.Rc1+ Kd4 47.Rxc4+ Kxc4 48.Rxd6 Kd4 49.Rc6 Rd7 50.d6 h6
51.Kg2 Kxe4 52.Rxc5 Rxd6  1/2-1/2

[Event "Buenos Aires FMD op"]
[Site "Buenos Aires"]
[Date "1993.??.??"]
[Round "3"]
[White "Anelli, Antonio"]
[Black "Giardelli, Sergio C"]
[Result "1/2-1/2"]
[WhiteElo "2305"]
[BlackElo "2475"]

1.c4 f5 2.g3 g6 3.d4 Bg7 4.Bg2 Nf6 5.Nf3 O-O 6.O-O d6 7.Nc3 c6 8.d5 Qc7 9.Nd4 Bd7
10.Bf4 Na6 11.Nb3 Nh5 12.Be3 e5 13.f3 c5 14.Bd2 Rae8 15.e4 Nf6 16.Nc1 h6
17.Nd3 Nb4 18.Nf2 f4 19.a3 Na6 20.Bh3 Bxh3 21.Nxh3 g5 22.g4 Qd7 23.Nf2 Nc7
24.b4 Na6 25.Qa4 Qxa4 26.Nxa4 b6 27.bxc5  1/2-1/2

[Event "Cappelle op"]
[Site "Cappelle la Grande"]
[Date "1993.??.??"]
[Round "4"]
[White "Sadler, Matthew"]
[Black "Grigorov, Jordan N"]
[Result "1-0"]
[WhiteElo "2540"]
[BlackElo "2380"]

1.d4 f5 2.g3 Nf6 3.Bg2 g6 4.Nf3 Bg7 5.O-O O-O 6.c4 d6 7.b3 Na6 8.Bb2 Qe8
9.Nbd2 e5 10.dxe5 Ng4 11.Qc1 Nxe5 12.Nxe5 dxe5 13.c5 c6 14.Nc4 Qe7 15.Qe3 Qxc5
16.Qxc5 Nxc5 17.Bxe5 Bxe5 18.Nxe5 Be6 19.Rfc1 Ne4 20.Nd3 Rae8 21.b4 Re7 22.Rc2 Bf7
23.a4 Bb3 24.Rcc1 Nd6 25.e3 Bc4 26.Nb2 Bf7 27.Rd1 Ne4 28.Rac1 Ra8 29.Nc4 Nf6
30.Na5 Bd5 31.Bxd5+ cxd5 32.Nb3 Kf7 33.Rc2 Rd8 34.Rdc1 Ne4 35.Rc8 Rxc8 36.Rxc8 Re8
37.Rc2 Re7 38.Nd4 Nf6 39.b5 Nd7 40.a5 Ne5 41.Rc8 Rd7 42.Ra8 b6 43.Nc6 Kf6
44.Rf8+ Nf7 45.a6 Ke6 46.Ra8 Nd6 47.Rxa7 Nxb5 48.Nd4+  1-0

[Event "Cattolica"]
[Site "Cattolica"]
[Date "1993.??.??"]
[Round "3"]
[White "Roeder, Mathias"]
[Black "Schlosser, Philipp"]
[Result "0-1"]
[WhiteElo "2425"]
[BlackElo "2550"]

1.d4 f5 2.g3 Nf6 3.c4 g6 4.Bg2 Bg7 5.Nf3 O-O 6.O-O d6 7.Nc3 Qe8 8.d5 a5 9.Nd4 Na6
10.Rb1 Bd7 11.b3 c6 12.Bb2 Nc7 13.dxc6 bxc6 14.Na4 e5 15.Nc2 d5 16.Nb6 Rd8
17.cxd5 cxd5 18.Nxd7 Rxd7 19.Qd2 Qe6 20.e3 Ne4 21.Qe2 Qa6 22.Qxa6 Nxa6 23.Rfd1 Nb4
24.Nxb4 axb4 25.f4 d4 26.fxe5 Nc3 27.Bxc3 bxc3 28.Rxd4 Rxd4 29.exd4 Bh6 30.e6 c2
31.Ra1 Rc8 32.d5 Be3+ 33.Kf1 c1=Q+ 34.Rxc1 Rxc1+ 35.Ke2 Bc5 36.Kd3 Kf8 37.a4 Ke7
38.Kd2 Ba3 39.Bf3 Rf1 40.Ke2 Rb1  0-1

[Event "JUG-chT"]
[Site "Cetinje"]
[Date "1993.??.??"]
[Round "?"]
[White "Drasko, Milan"]
[Black "Rakic, Tomislav"]
[Result "1/2-1/2"]
[WhiteElo "2520"]
[BlackElo "2375"]

1.d4 f5 2.g3 Nf6 3.Bg2 g6 4.Nf3 Bg7 5.O-O O-O 6.c4 d6 7.Nc3 c6 8.d5 e5 9.dxe6 Bxe6
10.Qd3 Na6 11.Bf4 d5 12.Ng5 Bf7 13.Nxf7 Rxf7 14.cxd5 Nb4 15.Qc4 Nbxd5 16.Rad1 Rd7
17.Be5 Kh8 18.Nxd5 Nxd5 19.Bxg7+ Kxg7 20.Bxd5 cxd5 21.Qa4 b5 22.Qb3 Rc8 23.Rc1 a6
24.Qa3 Rxc1 25.Rxc1 Qf6 26.Rc2 h5 27.Qc3 d4 28.Qc6 Re7 29.Qxf6+ Kxf6 30.h4 f4
31.Kg2 fxg3 32.Kxg3 Re4 33.f3 Re6 34.Kf4 a5 35.a3 b4 36.axb4 axb4 37.Rd2 b3
38.Rd3  1/2-1/2

[Event "Cuxhaven op"]
[Site "Cuxhaven"]
[Date "1993.??.??"]
[Round "6"]
[White "Chuchelov, Vladimir"]
[Black "Kindermann, Stefan"]
[Result "1/2-1/2"]
[WhiteElo "2510"]
[BlackElo "2520"]

1.d4 f5 2.g3 Nf6 3.Bg2 g6 4.Nf3 Bg7 5.O-O O-O 6.c4 d6 7.Nc3 c6 8.d5 e5 9.dxe6 Bxe6
10.b3 Na6 11.Bb2 Qe7 12.Ng5 Nc5 13.Nxe6 Nxe6 14.e3 Rad8 15.Qc2 Rfe8 16.Rad1 h5
17.e4 f4 18.e5 dxe5 19.Qxg6 Qf7 20.Qxf7+ Kxf7 21.Ne4 Nxe4 22.Bxe4 Ng5 23.Bf5 Nf3+
24.Kg2 Nd2 25.Rfe1 f3+ 26.Kg1 e4 27.Bc1 Kf6 28.Bh7 Bh6 29.Bxe4 Nxe4 30.Rxd8 Rxd8
31.Bxh6 Nc3 32.h3 Ne2+ 33.Kh2 Kf5 34.Rb1 b5 35.cxb5 cxb5 36.Rb2 Rd1 37.Be3 Rg1
38.Rd2  1/2-1/2

[Event "CZE-chT"]
[Site "?"]
[Date "1993.??.??"]
[Round "?"]
[White "Jirovsky, Petr"]
[Black "Vrana, Frantisek"]
[Result "1-0"]
[WhiteElo "2290"]
[BlackElo "2250"]

1.d4 f5 2.Nf3 Nf6 3.g3 g6 4.Bg2 Bg7 5.O-O O-O 6.c4 d6 7.Nc3 c6 8.d5 Bd7 9.Rb1 a5
10.Nd4 Qe8 11.b3 Na6 12.Bb2 Nc7 13.Qd2 c5 14.Nc2 b5 15.f4 a4 16.Ne1 Qf7 17.Nd3 Rfb8
18.Rfe1 Ra7 19.Bf3 Rab7 20.Qc2 Qf8 21.Kg2 axb3 22.axb3 bxc4 23.bxc4 Na6 24.Ba1 Nb4
25.Qd2 Rb6 26.Nf2 Qc8 27.e4 fxe4 28.Ncxe4 Qf8 29.Nxf6+ exf6 30.Bc3 Kh8 31.Ra1 h6
32.Re2 Ra6 33.Rxa6 Nxa6 34.h4 Re8 35.Rxe8 Qxe8 36.Qb2 Kh7 37.Bxf6 Bf8 38.Bc3 Bf5
39.Qb6 Nb8 40.Qc7+ Nd7 41.g4 Bc2 42.Qa7 Bb3 43.Ne4 Be7 44.Qa6 Qb8 45.Kg3 Bc2
46.Nd2 Bf6 47.Bxf6 Nxf6 48.Qa2 Bd3 49.Qa3 Bb1 50.Qc1  1-0

[Event "CZE-chT"]
[Site "?"]
[Date "1993.??.??"]
[Round "?"]
[White "Jirovsky, Petr"]
[Black "Dybowski, Jerzy"]
[Result "1/2-1/2"]
[WhiteElo "2290"]
[BlackElo "2360"]

1.d4 f5 2.Nf3 Nf6 3.g3 g6 4.Bg2 Bg7 5.O-O O-O 6.c4 d6 7.Nc3 c6 8.d5 cxd5
9.cxd5 Na6 10.Nd4 Nc5 11.Nb3 b6 12.Be3 Bd7 13.Rc1 Rc8 14.Nd4 a5 15.a3 Ng4
16.Nc6 Nxe3 17.fxe3 Bxc6 18.dxc6 Bxc3 19.Rxc3 a4 20.e4 fxe4 21.Rxf8+ Qxf8
22.Bxe4 e6 23.Qd4 d5 24.Bc2 Qg7 25.Qg4 Qe5 26.Bxa4 d4 27.Rc4 Rf8 28.Rxd4 Qe3+
29.Kg2 Qf2+ 30.Kh3 Qf1+ 31.Kh4 Qf6+ 32.Kh3 Qf1+ 33.Kh4  1/2-1/2

[Event "CZE-chT"]
[Site "?"]
[Date "1993.??.??"]
[Round "?"]
[White "Beil, Zdenek"]
[Black "Dybowski, Jerzy"]
[Result "1/2-1/2"]
[WhiteElo "2340"]
[BlackElo "2360"]

1.d4 f5 2.g3 Nf6 3.Bg2 g6 4.Nf3 Bg7 5.O-O O-O 6.c4 d6 7.Nc3 c6 8.d5 e5 9.dxe6 Bxe6
10.Qd3 Na6 11.Bf4 Ne4 12.Nxe4 fxe4 13.Qxe4 Nc5 14.Qc2 Bf5 15.Qd2 Qb6 16.Nd4 Ne4
17.Bxe4 Bxd4 18.Bxf5 Rxf5 19.e3 Be5 20.Bxe5 dxe5 21.Rad1 Raf8 22.b3 Qc5 23.Qd6 Qa5
24.a3 R5f6 25.Qe7 R6f7 26.Qb4 Qc7 27.Qd6 Qb6 28.b4 Qa6 29.Qd3 Qa4 30.Qc3 Rxf2
31.Qd3 e4 32.Qxe4 Rxf1+ 33.Rxf1 Rxf1+ 34.Kxf1 Qxa3 35.Qe8+ Kg7 36.Qe7+ Kh6
37.Qf8+ Kh5 38.Qf3+ Kh6 39.Qf8+ Kh5 40.Qf3+ Kh6 41.Qf8+  1/2-1/2

[Event "CZE-chT"]
[Site "?"]
[Date "1993.??.??"]
[Round "?"]
[White "Frolik, Martin"]
[Black "Zvara, Petr"]
[Result "1/2-1/2"]
[WhiteElo "2285"]
[BlackElo "2290"]

1.d4 f5 2.Nf3 Nf6 3.g3 g6 4.Bg2 Bg7 5.O-O O-O 6.c4 d6 7.Nc3 Na6 8.Rb1 c5
9.d5 Nc7 10.e4 e5 11.a3 b6 12.b4 cxb4 13.axb4 a5 14.Be3 axb4 15.Rxb4 Nd7
16.Bxb6 Nxb6 17.Rxb6 Na6 18.Rb1 Nc5 19.Nd2 Ba6 20.Nb5 Bh6 21.f3 Be3+ 22.Kh1 Bxb5
23.cxb5 Qg5 24.Nc4 fxe4 25.fxe4 Bd4 26.Qe2 Qe7 27.Rxf8+ Rxf8 28.Rf1 Ra8 29.Qf3 Ra4
30.Nb6 Ra1 31.Rxa1 Bxa1 32.Bh3 Bd4 33.Nc8 Qd8 34.b6 Kg7 35.Kg2 Qg5 36.Nxd6 Qd2+
37.Kh1 Qe1+ 38.Qf1 Qxf1+ 39.Bxf1 Nd7 40.b7 Ba7 41.Ne8+ Kf8 42.Nc7 Nc5 43.Nb5 Bb8
44.Bg2 Nxb7 45.Bf3 Ke7 46.Kg2 Nd6 47.Na3 h5  1/2-1/2

[Event "Dresden op"]
[Site "Dresden"]
[Date "1993.??.??"]
[Round "?"]
[White "Mueller, Michael"]
[Black "Kalinitschew, Sergey"]
[Result "1/2-1/2"]
[WhiteElo "2300"]
[BlackElo "2480"]

1.d4 f5 2.Nf3 Nf6 3.g3 g6 4.Bg2 Bg7 5.O-O O-O 6.c4 d6 7.Nc3 c6 8.b3 Na6 9.Bb2 Nh5
10.d5 e5 11.dxe6 Bxe6 12.Qd2 Qe7 13.Rfe1 Rad8 14.Nd4 Bc8 15.f4 Nf6 16.e4 fxe4
17.Nxe4 Nxe4 18.Bxe4 Qf7 19.Bg2 Nc5 20.Re3 Rfe8 21.Rae1 Rxe3 22.Rxe3 Re8
23.Bc3 Bd7 24.h3 Bf6 25.Kh2 Rxe3 26.Qxe3 Kf8 27.Bb4 Qe7 28.Qd2 Ke8 29.Nc2 Bf5
30.Ne3 Bb1 31.Ng4 Bg7 32.Nf2 Kf7 33.Ba3 h5 34.b4 Ne4 35.Bxe4 Bxe4 36.b5 c5
37.Bb2 Bxb2 38.Qxb2 Bf3 39.Qc3 Qe2 40.Kg1 b6 41.a4 d5 42.cxd5 Bxd5 43.g4 hxg4
44.hxg4 Bc4 45.Kg2 Bd5+ 46.Kg3 Qf1 47.Nh3 Kg8 48.Qe5 Bf7 49.Qb8+ Kg7 50.Qe5+ Kf8
51.Qd6+ Kg8 52.Qb8+ Kg7 53.Qe5+ Kf8 54.Qd6+  1/2-1/2

[Event "Dublin zt"]
[Site "Dublin"]
[Date "1993.??.??"]
[Round "8"]
[White "Rossiter, Philip J"]
[Black "Wall, Gavin"]
[Result "1-0"]
[WhiteElo "2270"]
[BlackElo "2300"]

1.d4 f5 2.g3 Nf6 3.Bg2 g6 4.Nf3 Bg7 5.O-O O-O 6.c4 d6 7.Nc3 Qe8 8.d5 Na6
9.Nd4 Bd7 10.b3 c6 11.Bb2 Rc8 12.e3 g5 13.Qe2 Nc5 14.Rad1 Qg6 15.Rfe1 Nce4
16.dxc6 bxc6 17.f3 Nxc3 18.Bxc3 Rf7 19.Qc2 e5 20.Ne2 Ne8 21.f4 gxf4 22.exf4 e4
23.Bxg7 Rxg7 24.Qc3 Be6 25.Nd4 h5 26.h4 Qf6 27.Kf2 d5 28.c5 Nc7 29.Re3 Bd7
30.Bh3 Rf8 31.Ne2 Qxc3 32.Rxc3 Bc8 33.Nd4 Rf6 34.b4 Rgf7 35.Ra3 Ba6 36.Ra5 Rf8
37.a4 Rb8 38.b5 cxb5 39.axb5 Nxb5 40.Nxb5 Bxb5 41.Rxd5 Bd3 42.Rxa7 e3+ 43.Kxe3 Be4
44.Rd6 Rxd6 45.cxd6 Rd8 46.Ra5  1-0

[Event "ESP-ch"]
[Site "?"]
[Date "1993.??.??"]
[Round "7"]
[White "Gomez Esteban, Juan Mario"]
[Black "Anguix Garrido, Juan Francisco"]
[Result "1/2-1/2"]
[WhiteElo "2450"]
[BlackElo "2340"]

1.d4 f5 2.g3 Nf6 3.Bg2 g6 4.Nf3 Bg7 5.O-O O-O 6.c4 d6 7.Nc3 c6 8.d5 e5 9.dxe6 Bxe6
10.b3 Na6 11.Rb1 Qe7 12.Ng5 Bd7 13.Bb2 Rad8 14.Nh3 Nc5 15.e3 Be6 16.Ng5 Bc8
17.b4 Ng4 18.Nf3 Ne4 19.Qc1 Rf7 20.b5 Bh6 21.Nd1 cxb5 22.cxb5 Be6 23.Bd4 Rc8
24.Qb2 Qd8 25.h3 Ngf6 26.Nc3 Nxc3 27.Bxc3 Ne4 28.Bd4 Rfc7 29.Rbc1 Nc5 30.Qa3 Qe8
31.Qxa7 Qxb5 32.Rb1 Qd7 33.Qa3 b5 34.Ba1 Na4 35.Nd4 Bc4 36.Rfc1 Bg7 37.Qb4 Bxa2
38.Rxc7 Rxc7 39.Rd1 Bc4 40.Kh2 Nc5 41.Nxb5 Qxb5 42.Bd5+ Kf8 43.Bxg7+ Rxg7
44.Qxc4 Qxc4 45.Bxc4 Rc7 46.Bd5 Nd7 47.g4 fxg4 48.hxg4 Ke7 49.Kg3 Nf6 50.Bf3 Rc5
51.Kh4 Rc4 52.Kg3 Rc5 53.Ra1 h5 54.Ra7+ Ke6 55.gxh5 Nxh5+ 56.Kh4 Rc2 57.Bg4+ Kf6
58.Ra8 Kg7 59.f4 Nf6 60.Bf3 Rc3 61.Ra7+ Kh6 62.Re7 Rd3 63.Kg3 Rd2 64.Rf7 Nd5
65.e4 Ne3  1/2-1/2

[Event "ESP-chT"]
[Site "?"]
[Date "1993.??.??"]
[Round "?"]
[White "Teran Alvarez, Ismael"]
[Black "Bermejo Collado, Julian"]
[Result "1/2-1/2"]
[WhiteElo "2260"]
[BlackElo "2310"]

1.d4 f5 2.Nf3 Nf6 3.g3 g6 4.Bg2 Bg7 5.O-O O-O 6.c4 d6 7.Nc3 Qe8 8.Nd5 Nxd5
9.cxd5 Qb5 10.Ng5 c6 11.dxc6 bxc6 12.d5 c5 13.Ne6 Bxe6 14.dxe6 Nc6 15.Bg5 Bf6
16.a4 Qb6 17.Bxf6 Rxf6 18.b4 Rd8 19.a5 Qc7 20.bxc5 dxc5 21.Qa4 Nb4 22.Rac1 Qe5
23.Qb5 Rc8 24.Rc4 a6 25.Qb7 Rc7 26.Qb8+ Rf8 27.Qb6 Rfc8 28.Rfc1  1/2-1/2

[Event "Eupen op"]
[Site "Eupen"]
[Date "1993.??.??"]
[Round "7"]
[White "Kishnev, Sergey"]
[Black "Ahn, Martin"]
[Result "1-0"]
[WhiteElo "2510"]
[BlackElo "2245"]

1.d4 f5 2.Nf3 Nf6 3.g3 g6 4.Bg2 Bg7 5.O-O O-O 6.c4 d6 7.b3 c6 8.Bb2 Na6 9.Nbd2 Nc7
10.Qc2 Rb8 11.Rac1 Nce8 12.Ne1 d5 13.Nd3 Ne4 14.Nf3 Bh6 15.e3 e6 16.Nfe5 N8f6
17.Rce1 Nd6 18.f3 Qc7 19.Rf2 Re8 20.Bf1 Bd7 21.h3 Rbd8 22.Rg2 Bc8 23.g4 Bg7
24.Kh1 Nf7 25.Be2 Kh8 26.Reg1 Nxe5 27.Nxe5 Nd7 28.Nf7+ Kg8 29.Nxd8 Qxd8 30.Bd3 Qh4
31.Qf2 Qxf2 32.Rxf2 Bf8 33.e4 fxe4 34.fxe4 Bh6 35.Rgf1 Rf8 36.Rxf8+ Bxf8
37.cxd5 exd5 38.exd5 cxd5 39.Rc1 Nb6 40.a4 a5 41.Bc3  1-0

[Event "Gausdal Int"]
[Site "Gausdal"]
[Date "1993.??.??"]
[Round "1"]
[White "Ostenstad, Berge"]
[Black "Silseth, Simon"]
[Result "1-0"]
[WhiteElo "2465"]
[BlackElo "2285"]

1.d4 f5 2.Nf3 Nf6 3.g3 g6 4.Bg2 Bg7 5.O-O O-O 6.c4 d6 7.Nc3 Nc6 8.d5 Ne5
9.Nxe5 dxe5 10.Qb3 h6 11.Rd1 Kh8 12.Bd2 g5 13.Be1 a6 14.c5 e4 15.Rac1 Rb8
16.f3 Qe8 17.Bf2 e5 18.c6 exf3 19.exf3 b5 20.Re1 e4 21.Bd4 Qh5 22.fxe4 f4
23.Nd1 Ng4 24.Bxg7+ Kxg7 25.Qc3+ Kh7 26.h3 f3 27.hxg4 Bxg4 28.Bf1 f2+ 29.Nxf2 Rxf2
30.Kxf2 Qh2+ 31.Ke3 Rf8 32.Kd4 Rf3 33.Re3 Qf2 34.Be2  1-0

[Event "BL9293 (Women)"]
[Site "Germany"]
[Date "1993.??.??"]
[Round "?"]
[White "Kube, Hannelore"]
[Black "Zahn, Nicol"]
[Result "1-0"]
[WhiteElo "2055"]
[BlackElo "2025"]

1.Nf3 f5 2.g3 Nf6 3.Bg2 g6 4.d4 Bg7 5.O-O O-O 6.c4 d6 7.Re1 c6 8.Nc3 Ne4
9.Qc2 Nxc3 10.bxc3 e5 11.e4 f4 12.c5 fxg3 13.hxg3 dxc5 14.Nxe5 Qe7 15.a4 Bxe5
16.dxe5 Qxe5 17.Bf4 Qh5 18.Qb3+ Rf7 19.e5 Qf5 20.e6 Re7 21.Qd1 Rxe6 22.Bh6 Rxe1+
23.Qxe1 Be6 24.Rb1 Qf7 25.Qe3 Na6 26.Rxb7 Qxb7 27.Qxe6+ Qf7 28.Qxc6 Nc7 29.Qxc5 Re8
30.Qxa7 Re1+ 31.Kh2 Re2 32.Bf4 g5 33.Bxc7 Qh5+ 34.Kg1 Re1+ 35.Bf1 Qf3 36.Qa6 Qxc3
37.Qc8+ Kf7 38.Qd7+ Kg6 39.Qd6+ Kf7 40.Qd5+ Kg6 41.Qd6+ Kf7 42.Kg2 g4 43.Qd5+ Kg7
44.Bc4 Re7 45.Qg8+ Kf6 46.Qh8+ Rg7 47.Qf8+ Kg6 48.Qe8+ Kh6 49.Bf4+ Rg5 50.Bxg5+ Kxg5
51.Qe3+  1-0

[Event "BL2-S9293"]
[Site "Germany"]
[Date "1993.??.??"]
[Round "?"]
[White "Nazarko, Shpetim"]
[Black "Mack, Peter"]
[Result "0-1"]
[WhiteElo "2350"]
[BlackElo "2275"]

1.Nf3 f5 2.c4 Nf6 3.d4 g6 4.g3 Bg7 5.Bg2 O-O 6.O-O d6 7.Nc3 Qe8 8.d5 Na6
9.Rb1 c6 10.dxc6 bxc6 11.Nd4 Bd7 12.b4 Rc8 13.Nc2 Qf7 14.Ne3 Ng4 15.Nxg4 fxg4
16.Qd3 Be6 17.c5 Bc4 18.Qe3 dxc5 19.bxc5 Rcd8 20.Ne4 Bd4 21.Qa3 Bxe2 22.Bh6 Bxf1
23.Rxf1 Nxc5 24.Nxc5 Qxf2+ 25.Rxf2 Bxf2+ 26.Kf1 Bxc5+ 27.Bxf8 Rxf8+  0-1